[Event "Goodricke Open"]
[Site "Calcutta IND"]
[Date "2000.02.06"]
[EventDate "2000.02.05"]
[Round "1"]
[Result "0-1"]
[White "Tania Sachdev"]
[Black "P D S Girinath"]
[WhiteElo "2105"]
[BlackElo "2298"]
[PlyCount "70"]

1. e4 c5 2. Nf3 Nc6 3. d4 cxd4 4. Nxd4 Qb6 5. Nb3 Nf6 6. Nc3
e6 7. Bd3 a6 8. O-O Qc7 9. a4 b6 10. Be3 Bb7 11. Qe2 Be7
12. f4 d6 13. Kh1 O-O 14. Rf3 Rfe8 15. Rh3 g6 16. Rf1 Nb4
17. f5 Nxd3 18. cxd3 d5 19. fxe6 fxe6 20. Qf2 dxe4 21. Bxb6
Qd7 22. dxe4 Rf8 23. Qe2 Qc6 24. Bg1 a5 25. Nd4 Qc8 26. e5 Nh5
27. Rxf8+ Qxf8 28. Nxe6 Qf5 29. Qc4 Kh8 30. Re3 Rc8 31. Qb3
Ba8 32. Qa2 Bb4 33. Re2 Qg4 34. Nd4 Nf4 35. Nf3 Bxf3 0-1

[Event "Goodricke Open"]
[Site "Calcutta IND"]
[Date "2000.02.07"]
[EventDate "2000.02.05"]
[Round "2"]
[Result "1-0"]
[White "Bandyopadhyay Roktim"]
[Black "Tania Sachdev"]
[WhiteElo "2293"]
[BlackElo "2105"]
[PlyCount "105"]

1. Nf3 g6 2. e4 Bg7 3. d4 d6 4. c3 Nf6 5. Bd3 O-O 6. O-O Nbd7
7. Re1 e5 8. h3 c6 9. Nbd2 Qc7 10. dxe5 dxe5 11. Bf1 Rd8
12. Qc2 a5 13. a4 Nc5 14. Nb3 Ne6 15. Be3 Bd7 16. Nbd2 b5
17. c4 b4 18. c5 Bf8 19. Nb3 Bc8 20. Ng5 h6 21. Nxe6 Bxe6
22. Bc4 Bxc4 23. Qxc4 Rd7 24. Rad1 Rad8 25. Rxd7 Rxd7 26. Nd2
Qd8 27. Re2 Qc8 28. Qc2 Qa6 29. Re1 Qd3 30. Qxd3 Rxd3 31. Kf1
Rd8 32. Ke2 Nd7 33. Nb3 Ra8 34. Rd1 Ra7 35. Kd3 f5 36. Kc4
fxe4 37. Nxa5 Rxa5 38. Rxd7 Rxa4 39. b3 Ra1 40. Kxb4 Rg1
41. g3 Ra1 42. Rc7 Ra6 43. Kc4 h5 44. h4 Bg7 45. b4 Bf8
46. Rb7 Ra8 47. Rb6 Rc8 48. b5 cxb5+ 49. Kd5 Kf7 50. Rxb5 Rc7
51. c6 Be7 52. Rb7 Rc8 53. Bg5 1-0

[Event "Goodricke Open"]
[Site "Calcutta IND"]
[Date "2000.02.08"]
[EventDate "2000.02.05"]
[Round "3"]
[Result "1/2-1/2"]
[White "Tania Sachdev"]
[Black "Arjun Tiwari"]
[WhiteElo "2105"]
[BlackElo "2318"]
[PlyCount "90"]

1. e4 c5 2. Nf3 Nc6 3. d4 cxd4 4. Nxd4 Nf6 5. Nc3 e5 6. Ndb5
d6 7. Bg5 a6 8. Na3 b5 9. Bxf6 gxf6 10. Nd5 f5 11. Bd3 Be6
12. Qh5 Bg7 13. O-O f4 14. c4 O-O 15. Rac1 Nd4 16. Nc2 Nxc2
17. Rxc2 Rc8 18. Rfc1 Kh8 19. Rc3 bxc4 20. Bxc4 f5 21. Rh3 h6
22. Qg6 Bg8 23. exf5 Bh7 24. Qh5 Rxf5 25. Qd1 e4 26. b3 Qg5
27. Nc3 Rfc5 28. Na4 R5c6 29. Rc2 Bf5 30. Rh5 Qg6 31. Rh4 f3
32. g3 e3 33. Rc1 e2 34. Qd5 Bg4 35. h3 Rxc4 36. bxc4 Qc2
37. Re1 Qxa4 38. Qd2 Bf5 39. Rf4 Be6 40. Rxf3 Bxc4 41. Rf4 Qb5
42. Qc2 d5 43. Rxe2 Bxe2 44. Qxc8+ Kh7 45. Qf5+ Kg8 1/2-1/2

[Event "Goodricke Open"]
[Site "Calcutta IND"]
[Date "2000.02.09"]
[EventDate "2000.02.05"]
[Round "4"]
[Result "0-1"]
[White "Tania Sachdev"]
[Black "Arnaud Payen"]
[WhiteElo "2105"]
[BlackElo "2376"]
[PlyCount "70"]

1. e4 e5 2. Nf3 Nc6 3. Bb5 Bc5 4. c3 Nge7 5. O-O Bb6 6. d4
exd4 7. cxd4 d5 8. exd5 Nxd5 9. Re1+ Be6 10. Nc3 O-O 11. h3
Nce7 12. Bg5 c6 13. Nxd5 cxd5 14. Qb3 Qd6 15. Bxe7 Qxe7
16. Qxd5 Bxd5 17. Rxe7 Rad8 18. Rae1 Bxa2 19. Ne5 Be6 20. Rxb7
Rxd4 21. Nc6 Rd2 22. Re2 Rd1+ 23. Kh2 Bc5 24. Ne7+ Kh8 25. Rc2
Bd6+ 26. g3 a5 27. Ba4 Re1 28. b3 Rb1 29. Rd2 Bb4 30. Ra2 h5
31. f4 Bxe7 32. Rxe7 Bd5 33. Rg2 Rc8 34. Re5 Bf3 35. Rxa5 Rc2
0-1

[Event "Goodricke Open"]
[Site "Calcutta IND"]
[Date "2000.02.12"]
[EventDate "2000.02.05"]
[Round "7"]
[Result "0-1"]
[White "Tania Sachdev"]
[Black "Didier Collas"]
[WhiteElo "2105"]
[BlackElo "2365"]
[PlyCount "68"]

1. e4 e5 2. Nf3 Nc6 3. Bb5 a6 4. Ba4 b5 5. Bb3 Na5 6. c3 Nxb3
7. axb3 Nf6 8. O-O Nxe4 9. Re1 Bb7 10. Nxe5 Bd6 11. Nf3 O-O
12. d3 Nf6 13. Bg5 Be7 14. b4 d6 15. Nd4 Qd7 16. Nd2 Rae8
17. N2b3 Bd8 18. Qd2 h6 19. Bh4 Qg4 20. Bg3 Nh5 21. f3 Qd7
22. Bf2 Kh7 23. c4 bxc4 24. dxc4 g6 25. Be3 Rg8 26. c5 Bf6
27. Na5 dxc5 28. bxc5 Rxe3 29. Rxe3 Qxd4 30. Qf2 Bd5 31. c6
Nf4 32. Nb3 Qb6 33. Ra3 Bh4 34. Qd2 Bg5 0-1

[Event "Goodricke Open"]
[Site "Calcutta IND"]
[Date "2000.02.13"]
[EventDate "2000.02.05"]
[Round "8"]
[Result "1-0"]
[White "Laltu Chattarjee"]
[Black "Tania Sachdev"]
[WhiteElo "2257"]
[BlackElo "2105"]
[PlyCount "89"]

1. e4 c5 2. Nf3 Nc6 3. d4 cxd4 4. Nxd4 Nf6 5. Nc3 e5 6. Ndb5
d6 7. Bg5 a6 8. Bxf6 gxf6 9. Na3 b5 10. Nd5 f5 11. g3 Bg7
12. Bg2 f4 13. c3 O-O 14. Qh5 Ne7 15. Nc2 Nxd5 16. exd5 f5
17. gxf4 exf4 18. O-O-O a5 19. Rhg1 b4 20. Rd3 Rf6 21. Bf1 Kh8
22. Rh3 h6 23. Qg5 Ra7 24. Qxf4 bxc3 25. bxc3 Re7 26. Bd3 Qc7
27. Qc4 Qb8 28. Re3 Rff7 29. Nd4 Qc7 30. Qxc7 Rxc7 31. Re8+
Kh7 32. Ne6 Bxe6 33. dxe6 Rf6 34. e7 Rxc3+ 35. Kd2 Rxd3+
36. Kxd3 Re6 37. Rg3 f4 38. Rg4 Be5 39. h4 d5 40. h5 Bd6
41. Rg6 Rxe7 42. Rxe7+ Bxe7 43. Kd4 Bh4 44. f3 Be1 45. Kxd5
1-0

[Event "Goodricke Open"]
[Site "Calcutta IND"]
[Date "2000.02.14"]
[EventDate "2000.02.05"]
[Round "9"]
[Result "0-1"]
[White "Tania Sachdev"]
[Black "Dipanjan Das"]
[WhiteElo "2105"]
[BlackElo "2292"]
[PlyCount "102"]

1. e4 c5 2. Nf3 d6 3. d4 cxd4 4. Nxd4 Nf6 5. Nc3 a6 6. Bc4 e6
7. Bb3 b5 8. O-O Be7 9. f4 O-O 10. Be3 b4 11. Na4 Nxe4 12. f5
d5 13. fxe6 fxe6 14. Rxf8+ Bxf8 15. Qg4 Nf6 16. Bg5 Nxg4
17. Bxd8 Ra7 18. Re1 Kf7 19. c4 bxc3 20. bxc3 Bd7 21. Nb6 Bc5
22. h3 Nf6 23. Kh2 Bxd4 24. cxd4 Nc6 25. Nxd7 Rxd7 26. Bb6 Rb7
27. Bc5 Na5 28. Bd1 Rb2 29. Re2 Rxe2 30. Bxe2 Nc4 31. Bd3 Nd7
32. Ba7 e5 33. dxe5 Ndxe5 34. Be2 Ke6 35. g4 Kd6 36. h4 Nc6
37. Bf2 a5 38. Kg3 a4 39. Bd3 h6 40. Be1 N6e5 41. Bxc4 dxc4
42. h5 Kd5 43. Bc3 Ke4 44. a3 g5 45. hxg6 Nxg6 46. Bg7 Ne5
47. Bxh6 c3 48. Bc1 Nd3 49. Bg5 c2 50. Bd2 c1=Q 51. Bxc1 Nxc1
0-1

[Event "Asian U20 Girls"]
[Site "Tehran IRI"]
[Date "2001.07.14"]
[EventDate "2001.07.14"]
[Round "2"]
[Result "0-1"]
[White "Yerazik Khachatourian"]
[Black "Tania Sachdev"]
[WhiteElo "2050"]
[BlackElo "2151"]
[PlyCount "102"]

1. e4 c5 2. Nf3 e6 3. d3 d6 4. g3 g6 5. Bg2 Bg7 6. O-O Ne7
7. Re1 Nbc6 8. c3 O-O 9. Na3 b6 10. Bf4 e5 11. Bg5 Be6
12. Bxe7 Qxe7 13. Nc4 h6 14. Nh4 b5 15. Ne3 Rab8 16. Bf3 h5
17. Qe2 Rb7 18. Nd5 Qd8 19. b4 Ne7 20. Nxe7+ Qxe7 21. Ng2 Rc8
22. Rad1 Rbc7 23. Ne3 Bh6 24. a3 cxb4 25. cxb4 Qf6 26. Bg2 Rc3
27. Ra1 Rb3 28. Reb1 Rbc3 29. Re1 Bb3 30. Bh3 R8c7 31. Reb1
Bxe3 32. Qxe3 Bc2 33. Rc1 Rxd3 34. Qe2 Rdc3 35. Qxb5 Bxe4
36. Rxc3 Rxc3 37. Qe2 Rc2 38. Qe3 Bc6 39. Bg2 Bxg2 40. Kxg2
Qe7 41. Rc1 Rxc1 42. Qxc1 Qb7+ 43. Kg1 Kf8 44. Qc4 Ke7 45. a4
d5 46. Qh4+ f6 47. b5 d4 48. g4 Qe4 49. h3 d3 50. Qg3 d2
51. Qa3+ Kd7 0-1

[Event "Asian U20 Girls"]
[Site "Tehran IRI"]
[Date "2001.07.14"]
[EventDate "2001.07.14"]
[Round "3"]
[Result "0-1"]
[White "Tania Sachdev"]
[Black "Shayesteh Ghader Pour"]
[WhiteElo "2151"]
[BlackElo "2065"]
[PlyCount "106"]

1. e4 c5 2. Nf3 d6 3. d4 cxd4 4. Nxd4 Nf6 5. Nc3 a6 6. Bc4 e6
7. Bb3 Nbd7 8. O-O Nc5 9. Re1 Be7 10. Kh1 Nxb3 11. cxb3 O-O
12. f4 Re8 13. Qf3 e5 14. Nc2 Bg4 15. Qg3 exf4 16. Qxf4 Qd7
17. Rf1 Bf8 18. Be3 Bh5 19. Bd4 Re6 20. Qh4 Bg6 21. Bxf6 gxf6
22. Nd4 Re5 23. Nd5 Qd8 24. Nxf6+ Kh8 25. Qf4 Bg7 26. Rae1
Qxf6 27. Qxf6 Bxf6 28. Rxf6 Bxe4 29. Nf3 Bxf3 30. Rxe5 Bxg2+
31. Kxg2 dxe5 32. Rxf7 Rd8 33. Rf2 Kg7 34. Kg1 Rd6 35. Rf5 Re6
36. Rf3 Rg6+ 37. Kh1 Rf6 38. Re3 Rf5 39. Kg2 Kf6 40. Kg3 Ke6
41. Rd3 Rf7 42. Rd8 e4 43. b4 Ke5 44. a4 e3 45. b5 axb5
46. axb5 Ke4 47. b6 e2 48. Re8+ Kd3 49. Rd8+ Kc2 50. Rc8+ Kd1
51. Rd8+ Ke1 52. Kg2 Rg7+ 53. Kh1 Rg5 0-1

[Event "Asian U20 Girls"]
[Site "Tehran IRI"]
[Date "2001.07.15"]
[EventDate "2001.07.14"]
[Round "4"]
[Result "1/2-1/2"]
[White "Maisa Ovezova"]
[Black "Tania Sachdev"]
[WhiteElo "2200"]
[BlackElo "2151"]
[PlyCount "60"]

1. c4 Nf6 2. Nc3 g6 3. g3 Bg7 4. Bg2 d6 5. d4 O-O 6. Nf3 c5
7. dxc5 dxc5 8. Qxd8 Rxd8 9. Be3 Be6 10. Ng5 Nbd7 11. Nxe6
fxe6 12. Na4 Ng4 13. Bg5 Kf7 14. Bxb7 Rab8 15. Ba6 Bxb2
16. Nxb2 Rxb2 17. O-O Nb8 18. Bb5 Rxe2 19. Ba4 Ne5 20. Bf4
Nbc6 21. Kg2 Kf6 22. h4 Nd4 23. Rfe1 Rxe1 24. Rxe1 Nxc4
25. Bd1 h5 26. Bc1 Rb8 27. Ba4 Nb6 28. Bd1 Nc4 29. Ba4 Nb6
30. Bd1 Nc4 1/2-1/2

[Event "Asian U20 Girls"]
[Site "Tehran IRI"]
[Date "2001.07.16"]
[EventDate "2001.07.14"]
[Round "5"]
[Result "1-0"]
[White "Tania Sachdev"]
[Black "Sevara Yusubalieva"]
[WhiteElo "2151"]
[BlackElo "2121"]
[PlyCount "109"]

1. e4 e5 2. Nf3 Nc6 3. Bb5 d6 4. c3 Nf6 5. d3 Be7 6. O-O O-O
7. Re1 Nb8 8. Ba4 Nbd7 9. Nbd2 Re8 10. Nf1 Bf8 11. Ng3 g6
12. d4 Bg7 13. h3 c6 14. Bb3 h6 15. Qc2 Qc7 16. Bd2 Nf8
17. dxe5 dxe5 18. Be3 Be6 19. Rad1 Bxb3 20. Qxb3 Ne6 21. Rd2
b6 22. Red1 c5 23. Qc2 c4 24. Ne2 Bf8 25. Nh2 Rad8 26. Ng4
Nxg4 27. hxg4 Rxd2 28. Rxd2 Qc6 29. Rd5 Nc7 30. Rd2 Re6
31. Ng3 Rd6 32. Rxd6 Qxd6 33. Qa4 b5 34. Qxa7 Ne6 35. Qb7 Nc7
36. Bb6 Ne6 37. Ba7 Qe7 38. Qxe7 Bxe7 39. Be3 Bc5 40. Bd2 Kg7
41. b3 cxb3 42. axb3 Bb6 43. Nf1 f6 44. b4 Kf7 45. Ne3 Ng5
46. f3 Ke6 47. Kf1 Kf7 48. Nd5 Bd8 49. Ke2 f5 50. gxf5 gxf5
51. Kd3 f4 52. c4 bxc4+ 53. Kxc4 h5 54. b5 h4 55. b6 1-0

[Event "Asian U20 Girls"]
[Site "Tehran IRI"]
[Date "2001.07.17"]
[EventDate "2001.07.14"]
[Round "7"]
[Result "1/2-1/2"]
[White "Tania Sachdev"]
[Black "M Kasturi"]
[WhiteElo "2151"]
[BlackElo "2115"]
[PlyCount "46"]

1. e4 c5 2. Nf3 Nc6 3. d3 d6 4. g3 g6 5. Bg2 Bg7 6. O-O e6
7. c3 Nge7 8. Na3 O-O 9. Re1 a6 10. d4 cxd4 11. cxd4 d5 12. e5
Nf5 13. Nc2 Qb6 14. b3 Bd7 15. h4 Nb4 16. Nxb4 Qxb4 17. a4
Rfc8 18. Ba3 Qb6 19. Bc5 Qd8 20. Nh2 b6 21. Ba3 Rc7 22. Qd3 a5
23. Ng4 Rac8 1/2-1/2

[Event "Asian U20 Girls"]
[Site "Tehran IRI"]
[Date "2001.07.18"]
[EventDate "2001.07.14"]
[Round "8"]
[Result "1/2-1/2"]
[White "Shadi Paridar"]
[Black "Tania Sachdev"]
[WhiteElo "2009"]
[BlackElo "2151"]
[PlyCount "54"]

1. e4 c5 2. c3 d5 3. exd5 Qxd5 4. d4 Nf6 5. Nf3 Bg4 6. Be2 e6
7. O-O Nc6 8. Be3 cxd4 9. cxd4 Be7 10. Nc3 Qd6 11. Qb3 O-O
12. h3 Bh5 13. a3 a6 14. Rfd1 Rfd8 15. Rd2 Nd5 16. Ne4 Qc7
17. Rc2 f5 18. Nc5 Bxc5 19. Rxc5 f4 20. Bd2 Bxf3 21. Bxf3 Nxd4
22. Qxd5 Nxf3+ 23. gxf3 Qf7 24. Qc4 Rxd2 25. Rc8+ Rd8 26. Rc7
Rd7 27. Rc8+ Rd8 1/2-1/2

[Event "Asian U20 Girls"]
[Site "Tehran IRI"]
[Date "2001.07.18"]
[EventDate "2001.07.14"]
[Round "9"]
[Result "1/2-1/2"]
[White "Tania Sachdev"]
[Black "Meenakshi Subbaraman"]
[WhiteElo "2151"]
[BlackElo "2245"]
[PlyCount "139"]

1. e4 e5 2. Nf3 Nf6 3. Nxe5 d6 4. Nf3 Nxe4 5. d4 d5 6. Bd3 Be7
7. O-O Nc6 8. Re1 Bg4 9. c3 f5 10. Be2 Qd6 11. Ne5 Nxe5
12. dxe5 Qb6 13. Be3 Bxe2 14. Qxe2 Bc5 15. Bxc5 Qxc5 16. Nd2
O-O-O 17. Nb3 Qb6 18. Nd4 g6 19. f3 c5 20. Nc2 Ng5 21. Qe3 Ne6
22. b4 f4 23. Qf2 cxb4 24. Qxb6 axb6 25. Nxb4 d4 26. Re4 dxc3
27. Rc4+ Kb8 28. Rxc3 Rd4 29. a3 Rhd8 30. Rac1 Rd2 31. R3c2 g5
32. Kf1 R2d7 33. Rc4 h5 34. g3 Rf7 35. R4c3 Nc5 36. Re1 Ne6
37. gxf4 Rxf4 38. Re4 Rd1+ 39. Re1 Rd2 40. Re2 Rxe2 41. Kxe2
Rh4 42. Ke3 Rxh2 43. Ke4 Ng7 44. Kd5 Re2 45. Rc2 Rxc2 46. Nxc2
Kc7 47. e6 h4 48. Ne3 h3 49. Ng4 Kd8 50. Ke4 Ke7 51. f4 gxf4
52. Kxf4 Kxe6 53. Kg3 Kd5 54. Kxh3 Ne6 55. Ne3+ Kd4 56. Nd1
Kc4 57. Kg4 Kb3 58. Kf5 Nc5 59. Ke5 Kxa3 60. Kd6 Na6 61. Nc3
Kb4 62. Nd5+ Ka5 63. Kd7 Nc5+ 64. Kd6 Kb5 65. Kc7 Ka5 66. Nxb6
Ka6 67. Nd5 b5 68. Kc6 Ne6 69. Kd6 b4 70. Nxb4+ 1/2-1/2

[Event "FSGM June"]
[Site "Budapest HUN"]
[Date "2005.??.??"]
[EventDate "?"]
[Round "1"]
[Result "1/2-1/2"]
[White "Tania Sachdev"]
[Black "Attila Jakab"]
[WhiteElo "2343"]
[BlackElo "2448"]
[PlyCount "110"]

1. d4 d5 2. c4 e6 3. Nc3 Nf6 4. cxd5 exd5 5. Bg5 Nbd7 6. e3 c6
7. Bd3 Bd6 8. Nf3 Nf8 9. Qc2 Ng6 10. h4 Be7 11. O-O-O Bg4
12. Rde1 Bxf3 13. gxf3 Nf8 14. h5 Ne6 15. Bxf6 Bxf6 16. Bxh7
Qd6 17. Bf5 O-O-O 18. Kb1 Kb8 19. Rc1 Rh6 20. Ne2 Nc7 21. Ng3
Rhh8 22. Qc5 Qxc5 23. Rxc5 Ne8 24. Rcc1 Be7 25. Rcd1 Bd6
26. e4 Nc7 27. e5 Bf8 28. Ne2 c5 29. f4 cxd4 30. Nxd4 Bc5
31. Bg4 Rh6 32. f5 Rb6 33. f4 Nb5 34. Nxb5 Rxb5 35. e6 fxe6
36. fxe6 Rb4 37. Bf3 Rxf4 38. Rxd5 Rxd5 39. Bxd5 Rf5 40. Bc4
Kc7 41. Re1 Rf8 42. Bb5 Be7 43. Rd1 Rd8 44. Bd7 Rh8 45. Ba4
Rd8 46. Rg1 Kd6 47. Rxg7 Rh8 48. Bd1 Kxe6 49. Bg4+ Kf6
50. Rg6+ Kf7 51. Be6+ Kf8 52. h6 Bc5 53. Bf5 Kf7 54. Re6 Bf8
55. h7 Rxh7 1/2-1/2

[Event "FSGM June"]
[Site "Budapest HUN"]
[Date "2005.??.??"]
[EventDate "?"]
[Round "3"]
[Result "1-0"]
[White "Tania Sachdev"]
[Black "Eesha Karavade"]
[WhiteElo "2343"]
[BlackElo "2355"]
[PlyCount "77"]

1. d4 Nf6 2. c4 g6 3. Nf3 Bg7 4. g3 O-O 5. Bg2 d5 6. cxd5 Nxd5
7. O-O Nb6 8. Nc3 Nc6 9. e3 Re8 10. d5 Na5 11. Nd4 Bd7 12. e4
c5 13. Nf3 Nac4 14. Qc2 e6 15. a4 a5 16. Rd1 Qe7 17. Qb3 exd5
18. exd5 Qd8 19. Nb5 Bxb5 20. Qxb5 Qc7 21. Qb3 Nd6 22. Bf4 h6
23. h4 Nd7 24. Bf1 Rec8 25. Rac1 Bf8 26. Bh3 Rd8 27. Nd4 Ra6
28. Ne6 fxe6 29. dxe6 c4 30. exd7 Qxd7 31. Qxc4+ Nxc4 32. Bxd7
Nd6 33. Be6+ Kh8 34. Rc7 Bg7 35. Bc4 Rb6 36. b3 h5 37. Be3 Rc6
38. Rxc6 bxc6 39. Bg5 1-0

[Event "FSGM June"]
[Site "Budapest HUN"]
[Date "2005.??.??"]
[EventDate "?"]
[Round "5"]
[Result "1/2-1/2"]
[White "Tania Sachdev"]
[Black "Bill Paschall"]
[WhiteElo "2343"]
[BlackElo "2400"]
[PlyCount "90"]

1. d4 e6 2. Nf3 c5 3. e4 cxd4 4. Nxd4 Nf6 5. Nc3 d6 6. Be2 a6
7. a4 Nc6 8. Nb3 b6 9. Be3 Be7 10. O-O O-O 11. f3 Qc7 12. Qe1
Rb8 13. Qg3 Kh8 14. Rae1 Nb4 15. Bd3 e5 16. Kh1 Be6 17. Nd2
Nd7 18. f4 exf4 19. Bxf4 Ne5 20. Nd5 Bxd5 21. Bxe5 dxe5
22. exd5 Nxd3 23. Qxd3 f6 24. Ne4 Rbd8 25. Rd1 Bd6 26. c3 a5
27. Rf3 Qd7 28. Rh3 h6 29. Rf1 f5 30. Nxd6 Qxd6 31. c4 e4
32. Qd4 Qf6 33. Qxf6 Rxf6 34. Re3 Re8 35. Rfe1 h5 36. b4 axb4
37. Rb3 f4 38. Rxb4 e3 39. Kg1 g5 40. Rb5 g4 41. Rb3 Re4
42. g3 Rxc4 43. gxf4 Rxa4 44. Rbxe3 Raxf4 45. Re7 Kg8 1/2-1/2

[Event "FSGM June"]
[Site "Budapest HUN"]
[Date "2005.??.??"]
[EventDate "?"]
[Round "8"]
[Result "1-0"]
[White "Attila Czebe"]
[Black "Tania Sachdev"]
[WhiteElo "2473"]
[BlackElo "2343"]
[PlyCount "103"]

1. c4 e5 2. g3 Nf6 3. Bg2 d5 4. cxd5 Nxd5 5. Nc3 Nb6 6. Nf3
Nc6 7. O-O Be7 8. Rb1 a5 9. d3 O-O 10. Be3 Bg4 11. Rc1 Qd7
12. Re1 Rfe8 13. Nd2 Be6 14. Bxb6 cxb6 15. Nc4 Bxc4 16. dxc4
Qxd1 17. Rexd1 Rad8 18. e3 Rxd1+ 19. Rxd1 Rd8 20. Rxd8+ Bxd8
21. Kf1 Kf8 22. Ke2 Ke7 23. c5 bxc5 24. Bxc6 bxc6 25. Kd3 f5
26. Kc4 Kd6 27. e4 g6 28. Na4 h5 29. f3 fxe4 30. fxe4 g5
31. h3 g4 32. hxg4 hxg4 33. Nc3 Bg5 34. Nd1 Bd2 35. b3 Be1
36. Ne3 Bf2 37. Nf5+ Kc7 38. Kd3 Bd4 39. Nh6 Bf2 40. Nxg4 Bxg3
41. Ne3 a4 42. bxa4 Kb6 43. Nc4+ Ka6 44. Ke2 Bf4 45. Kf3 Bh2
46. Kg4 Bg1 47. Kf5 Bd4 48. Ke6 Bf2 49. Kd6 Bd4 50. Kxc6 Bg1
51. Kd6 Bf2 52. Kxe5 1-0

[Event "4 th Parsvnath Intl Chess Tmt -"]
[Site "New Delhi 2006 "]
[Date "2006.01.17"]
[EventDate "2006.01.17"]
[Round "4.11"]
[Result "1/2-1/2"]
[White "Abhijit Kunte"]
[Black "Tania Sachdev"]
[WhiteElo "2551"]
[BlackElo "2375"]
[PlyCount "57"]

1. d4 Nf6 2. Nf3 e6 3. g3 b6 4. Bg2 Bb7 5. c4 Be7 6. O-O O-O
7. Re1 d5 8. cxd5 exd5 9. Nc3 Na6 10. Bf4 Re8 11. Rc1 c5
12. dxc5 bxc5 13. e3 h6 14. b3 Ne4 15. Nxe4 dxe4 16. Nd2 Bf8
17. Nc4 Nb4 18. Re2 Nd3 19. Rd2 Qc8 20. Rcc2 Qe6 21. Bc7 Be7
22. Qe2 Rac8 23. Ba5 Bf6 24. Rd1 Bd5 25. Bc3 Bxc4 26. bxc4 Nb4
27. Rcc1 Nd3 28. Rc2 Nb4 29. Rcc1 1/2-1/2

[Event "4 th Parsvnath Intl Chess Tmt -"]
[Site "New Delhi"]
[Date "2006.01.18"]
[EventDate "2006.01.18"]
[Round "6.9"]
[Result "1/2-1/2"]
[White "Subbaraman Vijayalakshmi"]
[Black "Tania Sachdev"]
[WhiteElo "2479"]
[BlackElo "2375"]
[PlyCount "45"]

1. d4 Nf6 2. c4 e6 3. Nc3 Bb4 4. e3 O-O 5. Bd3 d5 6. Nge2 c5
7. O-O cxd4 8. exd4 dxc4 9. Bxc4 Nc6 10. a3 Be7 11. Be3 b6
12. Ng3 Bb7 13. Rc1 Qd7 14. d5 exd5 15. Nxd5 Rfd8 16. Nxf6+
Bxf6 17. Qxd7 Rxd7 18. Bb5 Rc8 19. Rc2 Rdd8 20. Rfc1 Nd4
21. Rxc8 Rxc8 22. Rxc8+ Bxc8 23. Bc4 1/2-1/2

[Event "4th Parsvnath Intl Open Chess Tmt,"]
[Site "New Delhi, 2006"]
[Date "2006.01.19"]
[EventDate "2006.01.19"]
[Round "7.15"]
[Result "0-1"]
[White "Tania Sachdev"]
[Black "Niaz Murshed"]
[WhiteElo "2375"]
[BlackElo "2460"]
[PlyCount "93"]

1. d4 g6 2. c4 Bg7 3. Nf3 d6 4. g3 Nc6 5. Bg2 Bg4 6. Nc3 Qd7
7. O-O Bh3 8. e4 h5 9. d5 Ne5 10. Nxe5 Bxe5 11. Qa4 Bxg2
12. Qxd7+ Kxd7 13. Kxg2 Bxc3 14. bxc3 Nf6 15. f3 c6 16. Be3
Rhc8 17. Rfb1 Kc7 18. Rb3 Nd7 19. Rab1 Rcb8 20. dxc6 Kxc6
21. f4 b6 22. Rd1 Rc8 23. Rb2 f6 24. Bd4 Kb7 25. e5 fxe5
26. fxe5 Nxe5 27. Bxe5 dxe5 28. Re2 Rxc4 29. Rd7+ Rc7 30. Rd3
Rac8 31. Rxe5 Rxc3 32. Rxe7+ R8c7 33. Rxc3 Rxe7 34. Kf3 Rf7+
35. Ke3 b5 36. Rc5 Kb6 37. Rg5 Rf6 38. Kd4 Ka5 39. Kc3 Ka4
40. h4 a6 41. Kb2 Rf2+ 42. Kb1 Ka3 43. Rxg6 a5 44. Rg5 Rb2+
45. Kc1 Kxa2 46. Rxh5 a4 47. g4 0-1

[Event "II Sort Open"]
[Site "Sort ESP"]
[Date "2006.06.27"]
[EventDate "2006.06.26"]
[Round "2"]
[Result "0-1"]
[White "Tania Sachdev"]
[Black "Levan Aroshidze"]
[WhiteElo "2375"]
[BlackElo "2498"]
[PlyCount "84"]

1. d4 Nf6 2. c4 c5 3. d5 e6 4. Nf3 exd5 5. cxd5 d6 6. Nc3 g6
7. Nd2 Nbd7 8. Nc4 Nb6 9. Bg5 Nxc4 10. Qa4+ Bd7 11. Qxc4 Bg7
12. e3 Qb6 13. Be2 h6 14. Bf4 O-O 15. O-O Rfe8 16. a4 a6
17. a5 Qd8 18. Qb3 Qc7 19. Rfc1 Rab8 20. Qd1 Ne4 21. Nxe4 Rxe4
22. Qd2 Bb5 23. Ra2 Rbe8 24. Bf3 R4e7 25. h4 Qd7 26. b3 Kh7
27. Rac2 f5 28. Be2 Re4 29. f3 Rb4 30. Bc4 Bf6 31. Bxb5 Rxb5
32. b4 Rxb4 33. Qxb4 cxb4 34. Rc7 Qxc7 35. Rxc7+ Re7 36. Rc4
b3 37. Rb4 b2 38. Bxd6 Rd7 39. Bc5 Rc7 40. Bd4 Bxd4 41. exd4
Rc1+ 42. Kf2 b1=Q 0-1

[Event "Mindsports"]
[Site "Beijing CHN"]
[Date "2008.10.04"]
[EventDate "2008.10.04"]
[Round "3"]
[Result "0-1"]
[White "Baira Kovanova"]
[Black "Tania Sachdev"]
[WhiteElo "2379"]
[BlackElo "2425"]
[PlyCount "67"]

1. e4 c5 2. Nc3 e6 3. g3 a6 4. Bg2 Qc7 5. d3 Nc6 6. Nge2 g6
7. Be3 d6 8. Qd2 Bg7 9. O-O Nd4 10. Nd1 Nxe2+ 11. Qxe2 Ne7
12. c3 Nc6 13. Qd2 b5 14. Bh6 Rf8 15. Ne3 Bb7 16. Ng4 f5
17. exf5 exf5 18. Ne3 Ne5 19. Bxg7 Qxg7 20. d4 Bxg2 21. Nxg2
Nf7 22. Qf4 Rc8 23. Rfe1+ Ne5 24. h4 c4 25. d5 Qd7 26. h5 g5
27. Qd4 h6 28. Rxe5+ dxe5 29. Qxe5+ Qe7 30. Rd1 Kf7 31. Qb8
Qf6 32. Rd4 Qc6 33. Rd2 Qa8 34. Qxa8 0-1

[Event "Mindsports"]
[Site "Beijing CHN"]
[Date "2008.10.04"]
[EventDate "2008.10.04"]
[Round "6"]
[Result "1-0"]
[White "Tania Sachdev"]
[Black "Inna Gaponenko"]
[WhiteElo "2425"]
[BlackElo "2473"]
[PlyCount "57"]

1. d4 d5 2. c4 c6 3. cxd5 cxd5 4. Nf3 Nc6 5. Nc3 Nf6 6. Bf4 e6
7. e3 Be7 8. Rc1 Nh5 9. Bg3 O-O 10. Bd3 g6 11. a3 Nxg3
12. hxg3 f5 13. Ne2 Qa5+ 14. Qd2 Qxd2+ 15. Kxd2 Bd7 16. b4
Rfc8 17. Rc2 a5 18. b5 Na7 19. a4 Bb4+ 20. Kc1 Rxc2+ 21. Kxc2
Rc8+ 22. Kb2 Be8 23. Ng5 h5 24. Nxe6 Kf7 25. N6f4 Rd8 26. Rc1
Bd6 27. Nxd5 Bxg3 28. fxg3 Rxd5 29. Bc4 1-0

[Event "Mindsports"]
[Site "Beijing CHN"]
[Date "2008.10.04"]
[EventDate "2008.10.04"]
[Round "7"]
[Result "0-1"]
[White "Jovanka Houska"]
[Black "Tania Sachdev"]
[WhiteElo "2399"]
[BlackElo "2425"]
[PlyCount "108"]

1. d4 Nf6 2. Nf3 e6 3. c4 b6 4. g3 Bb7 5. Bg2 Be7 6. O-O O-O
7. Nc3 Ne4 8. Qc2 Nxc3 9. Qxc3 c5 10. Rd1 d6 11. Bf4 Bf6
12. Be3 Qe7 13. Qc2 Nc6 14. d5 Nb4 15. Qb3 exd5 16. cxd5 Rfe8
17. a3 Na6 18. Ne1 Nc7 19. a4 Rab8 20. Nd3 a6 21. Nf4 b5
22. axb5 axb5 23. Ra7 Qe5 24. Nd3 Qf5 25. Nf4 Re7 26. Rda1 g5
27. Nh5 Bh8 28. Qd3 Qg6 29. Qd2 Qxh5 30. Bxg5 Rxe2 31. Qf4 Re5
32. h4 Qg6 33. Qg4 Ne8 34. Rxb7 Rxb7 35. Qc8 Rc7 36. Qd8 Qf5
37. Bf4 Rc8 38. Qb6 Re7 39. Kh2 Bxb2 40. Ra2 Be5 41. Bh3 Qd3
42. Bxe5 Qxd5 43. Bxc8 Qxa2 44. Bf4 Qxf2+ 45. Kh3 Qd4 46. Qd8
Qf6 47. Bd7 Re6 48. Qc8 Re4 49. Bxe8 Kg7 50. Bxb5 Qe6+ 51. Kg2
Qxc8 52. h5 c4 53. h6+ Kg8 54. Kf3 Qb7 0-1

[Event "Mindsports"]
[Site "Beijing CHN"]
[Date "2008.10.04"]
[EventDate "2008.10.04"]
[Round "8"]
[Result "0-1"]
[White "Tania Sachdev"]
[Black "Li Ruofan"]
[WhiteElo "2425"]
[BlackElo "2426"]
[PlyCount "103"]

1. d4 Nf6 2. c4 e6 3. Nf3 b6 4. g3 Bb7 5. Bg2 Bb4+ 6. Bd2
Bxd2+ 7. Qxd2 O-O 8. O-O d6 9. Qf4 Nbd7 10. Nc3 Qe7 11. e4 e5
12. Qe3 exd4 13. Nxd4 Rfe8 14. Rfe1 Nc5 15. f3 g6 16. b4 Ne6
17. Nd5 Qd8 18. Rad1 c6 19. Nxe6 Rxe6 20. Nf4 Re7 21. Qc3 Ne8
22. Rd2 Qc7 23. Red1 Bc8 24. Ne2 Be6 25. Nd4 c5 26. Nb5 cxb4
27. Qxb4 Qxc4 28. Qb2 Rd8 29. Nxd6 Nxd6 30. Rxd6 Rxd6 31. Rxd6
Re8 32. Rd2 Rc8 33. Bf1 Qc1 34. Kf2 Qc5+ 35. Kg2 a6 36. Qf6 b5
37. h4 h5 38. Qb2 Rb8 39. Rc2 Qb6 40. Qc1 a5 41. Rc5 b4
42. Rb5 Qa7 43. Rxb8+ Qxb8 44. Qc5 a4 45. Bb5 b3 46. axb3 axb3
47. Bd3 Qd8 48. Bb1 Qd2+ 49. Qf2 Qc1 50. Bd3 b2 51. Qc2 Qxc2+
52. Bxc2 0-1